000 00226nam a22000857a 4500
008 160624b xxu||||| |||| 00| 0 eng d
100 _91040
_aHacker, L.M
245 _aThe Unioted States Since 1865
260 _aN.Y
_bF.S.Crofts &C0
_c1946
999 _c834
_d834